القرآن: (Record no. 5950)
[ view plain ]
| 000 -الفاتح | |
|---|---|
| حقل البيانات ثابتة الطول | 01253nac a22002291u 4500 |
| 008 - عناصر البيانات ثابتة الطول - معلومات عامة | |
| حقل البيانات ثابتة الطول | 100721s le|||||r|||| 001 0 ara d |
| 082 ## - رقم تصنيف ديوى العشرى | |
| رقم التصنيف | 220.9 |
| رقم المادة | ب ل ا |
| رقم الطبعة | 22 |
| 100 ## - المدخل الرئيسى - إسم شخصى | |
| الإسم الشخصى | بلاشير |
| 9 (RLIN) | 16606 |
| 245 ## - بيان العنوان | |
| العنوان | القرآن: |
| بقية العنوان | /نزوله ، تدوينه ، ترجمته وتأثيره |
| بيان المسئوليه,etc | بلاشير ; نقله الى العربية رضا سعادة ; أشرف على الترجمة فريد عبير ؛حققه وراجعه محمد علي الزغبي |
| 260 ## - PUBLICATION, DISTRIBUTION, ETC. (IMPRINT) | |
| مكان الناشر او الموزع | بيروت: |
| اسم الناشر او الموزع | دار الكتاب اللبناني ،1974 |
| تاريخ النشر أو التوزيع | 1974. |
| 300 ## - الوصف المادى | |
| التعداد | 187ص ؛ |
| أبعاد الوعاء | 24 سم |
| 541 ## - تبصرة المصدر المباشر للتزويد | |
| مصدر التزويد | ألف باء ; |
| طريقة التزويد | شراء ; |
| 650 ## - المدخل الاضافى بالموضوع-مصطلح موضوعى | |
| مصطلح موضوعي أو اسم جغرافي كعنصر مدخل | القرآن |
| 9 (RLIN) | 16017 |
| التقسيم الفرعي العام | تاريخ |
| 650 ## - المدخل الاضافى بالموضوع-مصطلح موضوعى | |
| مصطلح موضوعي أو اسم جغرافي كعنصر مدخل | القرآن، جمع وتدوين |
| 9 (RLIN) | 16158 |
| 650 ## - المدخل الاضافى بالموضوع-مصطلح موضوعى | |
| مصطلح موضوعي أو اسم جغرافي كعنصر مدخل | القرآن |
| 9 (RLIN) | 8720 |
| التقسيم الفرعي العام | أسباب النزول |
| 650 ## - المدخل الاضافى بالموضوع-مصطلح موضوعى | |
| مصطلح موضوعي أو اسم جغرافي كعنصر مدخل | القرآن، نزول |
| 9 (RLIN) | 16803 |
| 700 ## - المدخل الاضافى - اسم شخصى | |
| الإسم الشخصى | سعادة ، رضا |
| 9 (RLIN) | 16616 |
| الدور | مترجم |
| 700 ## - المدخل الاضافى - اسم شخصى | |
| الإسم الشخصى | الزغبي ، محمد علي |
| 9 (RLIN) | 16617 |
| الدور | محقق ومراجع |
| 700 ## - المدخل الاضافى - اسم شخصى | |
| الإسم الشخصى | عبير ، الأب فريد |
| 9 (RLIN) | 16618 |
| الدور | الاشراف على الترجمة |
| 942 ## - عناصر المدخل الإضافي( كوها) | |
| Koha [default] item type | Book - Borrowing |
| سابقة رقم الطلب | 220.9ب ل ا |
| مصدر التصنيف او مخطط الترفيف | Dewey Decimal Classification |
| حالة التراجع | حالة الفقد | مصدر التصنيف او خطة الترفيف | حالة تلف | ليس للاعارة | مجموعات كوها | المكان الدائم | المكان الحالي | موقع الترفيف | تاريخ الاكتساب | Source of acquisition | رقم الاستدعاء | الباركود | Date last seen | مُعار | نوع الوعاء |
|---|---|---|---|---|---|---|---|---|---|---|---|---|---|---|---|
| Dewey Decimal Classification | Alpha | Central Library | Central Library | Lower Floor | 25/07/2010 | 220.9 بلا | 000007594 | 15/07/2025 | 28/02/2017 | Book - Borrowing |